Влияние электрического поля на скорость термического разложения некоторых твердых веществ; Известия Томского политехнического института [Известия ТПИ]; Т. 151
| Parent link: | Известия Томского политехнического института [Известия ТПИ]/ Томский политехнический институт (ТПИ).— , 1944-1976 Т. 151.— 1966.— [С. 32-35] |
|---|---|
| 主要作者: | |
| 其他作者: | , |
| 总结: | Заглавие с титульного листа Электронная версия печатной публикации |
| 语言: | 俄语 |
| 出版: |
1966
|
| 主题: | |
| 在线阅读: | Черно-белая версия для предварительного просмотра Цветная версия без потери качества |
| 格式: | 电子 本书章节 |
| KOHA link: | https://koha.lib.tpu.ru/cgi-bin/koha/opac-detail.pl?biblionumber=207454 |
MARC
| LEADER | 00000nla2a2200000 4500 | ||
|---|---|---|---|
| 001 | 207454 | ||
| 005 | 20231031191133.0 | ||
| 035 | |a (RuTPU)RU\TPU\book\226299 | ||
| 035 | |a RU\TPU\book\226297 | ||
| 090 | |a 207454 | ||
| 100 | |a 20120124d1966 k y0rusy50 ca | ||
| 101 | 0 | |a rus | |
| 102 | |a RU | ||
| 135 | |a drnn ---uucaa | ||
| 181 | 0 | |a i | |
| 182 | 0 | |a b | |
| 200 | 1 | |a Влияние электрического поля на скорость термического разложения некоторых твердых веществ |b Электронный ресурс |f Г. Г. Савельев, Ю. А. Захаров, В. Б. Спица | |
| 203 | |a Текст |c электронный | ||
| 215 | |a 2 файла (171 Кб, 5.5 Мб) | ||
| 230 | |a Электронные текстовые данные (2 файла : 171 Кб, 5.5 Мб) | ||
| 300 | |a Заглавие с титульного листа | ||
| 300 | |a Электронная версия печатной публикации | ||
| 320 | |a [Библиогр.: с. 35 (14 назв.)] | ||
| 337 | |a Adobe Reader | ||
| 461 | 1 | |0 (RuTPU)RU\TPU\book\200995 |t Известия Томского политехнического института [Известия ТПИ] |f Томский политехнический институт (ТПИ) |d 1944-1976 | |
| 463 | 1 | |0 (RuTPU)RU\TPU\book\226288 |t Т. 151 |v [С. 32-35] |d 1966 |p 326 с. | |
| 610 | 1 | |a электронный ресурс | |
| 610 | 1 | |a труды учёных ТПУ | |
| 700 | 1 | |a Савельев |b Г. Г. |c российский химик |c профессор Томского политехнического университета |f 1938-2010 |g Геннадий Гаврилович |2 stltpush |3 (RuTPU)RU\TPU\pers\19860 | |
| 701 | 1 | |a Захаров |b Ю. А. |c российский химик |c профессор Томского политехнического университета |f 1938- |g Юрий Александрович |2 stltpush |3 (RuTPU)RU\TPU\pers\19791 | |
| 701 | 1 | |a Спица |b В. Б. | |
| 801 | 1 | |a RU |b 63413507 |c 20090320 |g PSBO | |
| 801 | 2 | |a RU |b 63413507 |c 20120425 |g PSBO | |
| 856 | 4 | |u http://www.lib.tpu.ru/fulltext/v/Bulletin_TPU/1966/v151/06_bw.pdf |z Черно-белая версия для предварительного просмотра | |
| 856 | 4 | |u http://www.lib.tpu.ru/fulltext/v/Bulletin_TPU/1966/v151/06_full.pdf |z Цветная версия без потери качества | |
| 942 | |c CF | ||